00401pab a2200145 454500008004000000100002300040245007600063260000900139300001500148362000800163650002200171650002000193700001500213773002700228180718b2005 xxu||||| |||| 00| 0 eng d aMarschall, Melissa aKeeping policy churn off the agenda: urban education and civic capacity c2005 ap.161-180. aMay aUrban development aUrban education aShah, Paru aPolicy Studies Journal